<?xml version="1.0" encoding="UTF-8"?>
<record
    xmlns:xsi="http://www.w3.org/2001/XMLSchema-instance"
    xsi:schemaLocation="http://www.loc.gov/MARC21/slim http://www.loc.gov/standards/marcxml/schema/MARC21slim.xsd"
    xmlns="http://www.loc.gov/MARC21/slim">

  <leader>02723nam a22004697a 4500</leader>
  <controlfield tag="001">42835</controlfield>
  <controlfield tag="003">gtgccic</controlfield>
  <controlfield tag="005">20250801131008.0</controlfield>
  <controlfield tag="007">ta</controlfield>
  <controlfield tag="008">250730b        sp ||||| |||| 00| 0 spa d</controlfield>
  <datafield tag="020" ind1=" " ind2=" ">
    <subfield code="a">8487381286</subfield>
  </datafield>
  <datafield tag="040" ind1=" " ind2=" ">
    <subfield code="a">gtgccic</subfield>
    <subfield code="b">spa</subfield>
    <subfield code="c">gtgccic</subfield>
    <subfield code="d">gtgccic</subfield>
    <subfield code="e">rda</subfield>
  </datafield>
  <datafield tag="082" ind1=" " ind2=" ">
    <subfield code="a">684.104 P427</subfield>
  </datafield>
  <datafield tag="100" ind1="1" ind2=" ">
    <subfield code="a">Fernando Peraza S&#xE1;nchez</subfield>
    <subfield code="b">Dr. Ingeniero de Montes</subfield>
    <subfield code="c">Director t&#xE9;cnico de AITIM</subfield>
    <subfield code="e">Autor</subfield>
  </datafield>
  <datafield tag="100" ind1="1" ind2=" ">
    <subfield code="a">Francisco Arriaga Martitegui</subfield>
    <subfield code="b">Dr. Arquitecto</subfield>
    <subfield code="c">Profesor de C&#xE1;lculo de Estructuras de la UPM</subfield>
    <subfield code="e">Autor</subfield>
  </datafield>
  <datafield tag="100" ind1="1" ind2=" ">
    <subfield code="a">Jos&#xE9; Enrique Peraza</subfield>
    <subfield code="b">Arquitecto</subfield>
    <subfield code="c">Secretario General de AITIM</subfield>
    <subfield code="e">Autor</subfield>
  </datafield>
  <datafield tag="245" ind1=" " ind2=" ">
    <subfield code="a">Tableros de madera de uso estructural /</subfield>
    <subfield code="c">Peraza S&#xE1;nchez, Fernando</subfield>
  </datafield>
  <datafield tag="264" ind1=" " ind2=" ">
    <subfield code="a">Madrid, Espa&#xF1;a :</subfield>
    <subfield code="b">Artes Gr&#xE1;ficas Palermo ;</subfield>
    <subfield code="c">2004.</subfield>
  </datafield>
  <datafield tag="300" ind1=" " ind2=" ">
    <subfield code="a">276 p. :</subfield>
    <subfield code="b">il.</subfield>
    <subfield code="c">24 cm</subfield>
  </datafield>
  <datafield tag="336" ind1=" " ind2=" ">
    <subfield code="2">rdacontenido</subfield>
    <subfield code="a">texto</subfield>
    <subfield code="b">txt</subfield>
  </datafield>
  <datafield tag="337" ind1=" " ind2=" ">
    <subfield code="2">rdamedio</subfield>
    <subfield code="a">sin mediaci&#xF3;n</subfield>
    <subfield code="b">n</subfield>
  </datafield>
  <datafield tag="338" ind1=" " ind2=" ">
    <subfield code="2">rdasoporte</subfield>
    <subfield code="a">volumen</subfield>
    <subfield code="b">nc</subfield>
  </datafield>
  <datafield tag="505" ind1=" " ind2=" ">
    <subfield code="g">Cap&#xED;tulo 1</subfield>
    <subfield code="t">TABLEROS DERIVADO DE LA MADERA</subfield>
  </datafield>
  <datafield tag="505" ind1=" " ind2=" ">
    <subfield code="g">Cap&#xED;tulo 2</subfield>
    <subfield code="t">RESE&#xD1;A HIST&#xD3;RICA</subfield>
  </datafield>
  <datafield tag="505" ind1=" " ind2=" ">
    <subfield code="g">Cap&#xED;tulo 3</subfield>
    <subfield code="t">DIMENSIONES</subfield>
  </datafield>
  <datafield tag="505" ind1=" " ind2=" ">
    <subfield code="g">Cap&#xED;tulo 4</subfield>
    <subfield code="t">PROPIEDADES F&#xCD;SICAS</subfield>
  </datafield>
  <datafield tag="505" ind1=" " ind2=" ">
    <subfield code="g">Cap&#xED;tulo 5</subfield>
    <subfield code="t">PROPIEDADES MEC&#xC1;NICAS</subfield>
  </datafield>
  <datafield tag="505" ind1=" " ind2=" ">
    <subfield code="g">Cap&#xED;tulo 6</subfield>
    <subfield code="t">C&#xC1;LCULO</subfield>
  </datafield>
  <datafield tag="505" ind1=" " ind2=" ">
    <subfield code="g">Cap&#xED;tulo 7</subfield>
    <subfield code="t">COMPORTAMIENTO AL FUEGO</subfield>
  </datafield>
  <datafield tag="505" ind1=" " ind2=" ">
    <subfield code="g">Cap&#xED;tulo 8</subfield>
    <subfield code="t">DURABILIDAD</subfield>
  </datafield>
  <datafield tag="505" ind1=" " ind2=" ">
    <subfield code="g">Cap&#xED;tulo 9</subfield>
    <subfield code="t">CERTIFICACI&#xD3;N Y MARCAS DE CALIDAD</subfield>
  </datafield>
  <datafield tag="505" ind1=" " ind2=" ">
    <subfield code="g">Anexo A</subfield>
    <subfield code="t">NORMAS SOBRE TABLEROS</subfield>
  </datafield>
  <datafield tag="505" ind1=" " ind2=" ">
    <subfield code="g">Anexo B</subfield>
    <subfield code="t">ESPECIFICACIONES DE LOS TABLEROS</subfield>
  </datafield>
  <datafield tag="505" ind1=" " ind2=" ">
    <subfield code="g">Anexo C</subfield>
    <subfield code="t">DETERMINACI&#xD3;N DE LAS PROPIEDADES MEC&#xC1;NICAS DE LOS TABLEROS ESTRUCTURALES</subfield>
  </datafield>
  <datafield tag="505" ind1=" " ind2=" ">
    <subfield code="g">Anexo D</subfield>
    <subfield code="t">EJEMPLOS DE C&#xC1;LCULO</subfield>
  </datafield>
  <datafield tag="505" ind1=" " ind2=" ">
    <subfield code="g">Anexo E</subfield>
    <subfield code="t">EJEMPLOS DE MARCADO CE</subfield>
  </datafield>
  <datafield tag="520" ind1=" " ind2=" ">
    <subfield code="a">Los tableros derivados de la madera se definen como un producto en el que predominan la longitud y la anchura sobre el espesor y en el que el elemento constitutivo principal es la madera.  Esta denominaci&#xF3;n engloba a un amplio n&#xFA;mero de tableros cuyas propiedades y aplicaciones son muy variadas.  Los tableros se utilizan principalmente en aplicaciones decorativas y estructurales, pero tambi&#xE9;n tienen otras importantes aplicaciones de corta duraci&#xF3;n o en funciones auxilliares como encofrados, embalajes, cajas de frutas, cerramientos provisionales, stands, etc. Con las t&#xE9;cnicas de reciclaje actuales la industria de tableros es capaz de volver a utilizar desperdicios o elementos de maderas desechados despu&#xE9;s de su uso por la sociedad, introduci&#xE9;ndolos de nuevo en el circuito de la madera como productos &#xFA;tiles</subfield>
  </datafield>
  <datafield tag="700" ind1=" " ind2=" ">
    <subfield code="a">Emilio Luengo Cuadrado</subfield>
    <subfield code="d">Ingeniero de Montes</subfield>
  </datafield>
  <datafield tag="700" ind1=" " ind2=" ">
    <subfield code="a">Ignacio Bobadilla Maldonado</subfield>
    <subfield code="d">Dr. Ingeniero de Montes. Profesor de Tecnolog&#xED;a de la Madera de la U.P.M.</subfield>
  </datafield>
  <datafield tag="942" ind1=" " ind2=" ">
    <subfield code="2">ddc</subfield>
    <subfield code="c">BK</subfield>
    <subfield code="n">0</subfield>
  </datafield>
  <datafield tag="945" ind1=" " ind2=" ">
    <subfield code="a">amlo</subfield>
  </datafield>
  <datafield tag="999" ind1=" " ind2=" ">
    <subfield code="c">743</subfield>
    <subfield code="d">743</subfield>
  </datafield>
  <datafield tag="952" ind1=" " ind2=" ">
    <subfield code="0">0</subfield>
    <subfield code="1">0</subfield>
    <subfield code="2">ddc</subfield>
    <subfield code="4">0</subfield>
    <subfield code="7">0</subfield>
    <subfield code="a">CICON</subfield>
    <subfield code="b">CICON</subfield>
    <subfield code="c">GEN</subfield>
    <subfield code="d">2025-07-30</subfield>
    <subfield code="e">compra</subfield>
    <subfield code="i">8.3.01.H.10689/2004</subfield>
    <subfield code="l">0</subfield>
    <subfield code="o">684.104 P427</subfield>
    <subfield code="p">Cicon8.3.01.H.10689/</subfield>
    <subfield code="r">2025-07-30 11:32:21</subfield>
    <subfield code="t">1</subfield>
    <subfield code="w">2025-07-30</subfield>
    <subfield code="y">BK</subfield>
  </datafield>
</record>
